000 00844nam a2200241 i 4500
001 bg
245 0 0 _aZdolność podatkowa i wiarygodność kredytowa przedsiębiorstwa /
_cred. nauk. Elżbieta Czerwińska ; Akademia Ekonomiczna w Poznaniu.
260 _aPoznań :
_bWydaw. AE,
_c1994.
300 _a284 s. :
_bwykr. ;
_c24 cm.
504 _aBibliogr. s. 25-26, 256.
650 9 _aKredyt
_xzagadnienia
_zPolska
_yod 1989 r.
650 9 _aPodatek
_xzagadnienia
_zPolska
_yod 1989 r.
650 9 _aPrzedsiębiorstwo
_xfinanse
_zPolska
_yod 1989 r.
700 1 _aCZERWIŃSKA, Elżbieta.
_eRed.
710 0 _aAkademia Ekonomiczna (Poznań)
020 _a8385530371
040 _cBPK
041 0 _apl
080 _a658.14/.17:336.2:336.77](438)"1989/..."
920 _a83-85530-37-1
942 _cKS
008 s pl f |000 0 pol
999 _c37429
_d37429
856 _uhttp://koha.tu.koszalin.pl/cgi-bin/koha/opac-detail.pl?biblionumber=37429
_yKatalog online BPK